Quantum chemistry (Record no. 2362)

MARC details
000 -LEADER
fixed length control field 00523nam a22002057a 4500
003 - CONTROL NUMBER IDENTIFIER
control field OSt
005 - DATE AND TIME OF LATEST TRANSACTION
control field 20160425181930.0
008 - FIXED-LENGTH DATA ELEMENTS--GENERAL INFORMATION
fixed length control field 151027b xxu||||| |||| 00| 0 eng d
020 ## - INTERNATIONAL STANDARD BOOK NUMBER
International Standard Book Number 9788122424089
040 ## - CATALOGING SOURCE
Transcribing agency DDC
082 ## - DEWEY DECIMAL CLASSIFICATION NUMBER
Classification number 541.28 PRA 2010
100 ## - MAIN ENTRY--PERSONAL NAME
Personal name Prasad, R.K.
9 (RLIN) 5911
245 ## - TITLE STATEMENT
Title Quantum chemistry
250 ## - EDITION STATEMENT
Edition statement 4th rev' ed.
260 ## - PUBLICATION, DISTRIBUTION, ETC. (IMPRINT)
Place of publication, distribution, etc. New Delhi;
Name of publisher, distributor, etc. New Age,
Date of publication, distribution, etc. 2010
300 ## - PHYSICAL DESCRIPTION
Extent xx,566p;
Other physical details ill:
Dimensions 24cm
504 ## - BIBLIOGRAPHY, ETC. NOTE
Bibliography, etc Appendices, & index included
650 ## - SUBJECT ADDED ENTRY--TOPICAL TERM
Topical term or geographic name as entry element Quantum chemistry
9 (RLIN) 3790
942 ## - ADDED ENTRY ELEMENTS (KOHA)
Source of classification or shelving scheme Other/Generic Classification Scheme
Koha item type Open Shelf
Holdings
Withdrawn status Lost status Source of classification or shelving scheme Damaged status Not for loan Home library Current library Date acquired Source of acquisition Inventory number Total Checkouts Full call number Barcode Date last seen Koha item type Date last checked out Price effective from
    Other/Generic Classification Scheme     MUST Main Library MUST Main Library 27/10/2015   15/39518   541.28 PRA 2010 2015-2376 27/10/2015 Open Shelf    
    Dewey Decimal Classification     MUST Main Library MUST Main Library 25/04/2016   2012/36386 1 541.28 PRA 2010 2016-1296 28/01/2022 Short Loan 18/01/2022 25/04/2016
    Dewey Decimal Classification     MUST Main Library MUST Main Library 25/04/2016   2012/36385   541.28 PRA 2010 2016-1297 25/04/2016 Short Loan   25/04/2016
    Dewey Decimal Classification     MUST Main Library MUST Main Library 25/04/2016   2011/34274   541.28 PRA 2010 2016-1298 25/04/2016 Short Loan   25/04/2016